Les queens de Drag Race France 1 - Statistiques

Statistiques générales
  • Ce quiz a été pris 45 fois
  • Le résultat moyen est 8 sur 10
Statistiques - réponses
Classement Queens % Correct
Deuxième La Grande Dame
95%
Gagnante Paloma
91%
5e La Big Bertha
88%
Deuxième Soa de Muse
88%
8e La Briochée
84%
7e Kam Hugh
79%
4e Lolita Banana
77%
6e Elips
74%
10e La Kahena
70%
9e Lova Ladiva
67%
Aucun quiz correspondant
Distribution des résultats
% des personnes avec chaque résultat
Percentile par nombre de réponses
Votre historique - résultats
Vous n’avez pas pris ce quiz